00709 2200241 4500001002100000005001700021008004100038020001800079035002400097082000800121090001800129100001600147245009700163250001100260260002900271300003500300500003100335500001100366650003900377700001900416990001600435990001600451YOGYA-0612000000101920120617205652.0 ind  a602-7544-07-4 0010-061200000001017 a390 aYOG 390 Dal U aDALIMAN, A. aUpacara garebeg di Yogyakartabarti dan sejarahnyacA. Daliman ; penyunting, Aditya Pratama. aCet.1. aYogyakartabOmbakc2012. axiii, 118 hlm.c19 cm (2 eks.) aBibliografi : hlm. 113-114 aIndeks aTatakrama dan kebiasaan-Yogyakarta aAditya Pratama a475-PD/B.12 a476-PD/B.12